<?xml version="1.0" encoding="UTF-8"?>
<marc:record xmlns:marc="http://www.loc.gov/MARC21/slim">
   <marc:leader>00000nam a2200000 a 4500</marc:leader>
   <marc:datafield ind1="1" ind2=" " tag="100">
      <marc:subfield code="a">Döring, Dorothee</marc:subfield>
      <marc:subfield code="4">aut</marc:subfield>
      <marc:subfield code="e">Verfasser/-in</marc:subfield>
   </marc:datafield>
   <marc:datafield ind1=" " ind2=" " tag="653">
      <marc:subfield code="a">Zweierbeziehung</marc:subfield>
   </marc:datafield>
   <marc:datafield ind1=" " ind2=" " tag="653">
      <marc:subfield code="a">Alltag/Partnerschaft</marc:subfield>
   </marc:datafield>
   <marc:datafield ind1=" " ind2=" " tag="653">
      <marc:subfield code="a">Sexualität</marc:subfield>
   </marc:datafield>
   <marc:datafield ind1=" " ind2=" " tag="653">
      <marc:subfield code="a">Ratgeber</marc:subfield>
   </marc:datafield>
   <marc:datafield ind1="0" ind2="0" tag="245">
      <marc:subfield code="a">Alte Liebe rostet nicht</marc:subfield>
   </marc:datafield>
   <marc:datafield ind1="0" ind2="0" tag="245">
      <marc:subfield code="b">wie Sie Ihre Partnerschaft jung halten</marc:subfield>
   </marc:datafield>
   <marc:datafield ind1="0" ind2="0" tag="245">
      <marc:subfield code="c">Dorothee Döring</marc:subfield>
   </marc:datafield>
   <marc:datafield ind1=" " ind2="1" tag="264">
      <marc:subfield code="a">Lahr</marc:subfield>
      <marc:subfield code="b">Kaufmann</marc:subfield>
      <marc:subfield code="c">2007</marc:subfield>
   </marc:datafield>
   <marc:datafield ind1=" " ind2=" " tag="250">
      <marc:subfield code="a">1. Aufl.</marc:subfield>
   </marc:datafield>
   <marc:datafield ind1="1" ind2=" " tag="520">
      <marc:subfield code="a">Angaben aus der Verlagsmeldung

Alte Liebe rostet nicht : Wie Sie Ihre Partnerschaft jung halten / von Dorothee Döring

Wie pflege ich unser Glück?

Der wunderbare Zustand der anfänglichen Verliebtheit hält nur in Ausnahmefällen dauerhaft an. Die Scheidungsstatistiken belegen, dass der Reifungsprozess, den eine lebenslange Liebe erfordert, leider immer öfter abgebrochen wird. Dem Scheitern einer Beziehung kann man aber entgegenwirken. Wichtig ist, dass die Partner ihre Verantwortung für den Zustand und die Entwicklung ihrer Partnerschaft erkennen und übernehmen.
Ehepartner sollten sich über Belastungen und Störfaktoren in ihrer Beziehung bewusst sein. Nicht immer ist es einfach, rechtzeitig zu erkennen, wann Verhaltensweisen zu Gewohnheiten werden, die für eine Beziehung schädlich sind. Das Erkennen von Belastungen und Störfaktoren ist die Voraussetzung für eine bewusste, verantwortungsvolle Beziehungspflege. Wie diese Beziehungspflege aussehen kann, zeigt der Ratgeber lebensnah und praktisch. Die aktuellen und authentischen Fallbeispiele zu zahlreichen Konfliktsituation bieten Hilfe zur Selbsthilfe.

Aus dem Inhalt:

Illusionen, Vorurteile und Irrtümer über Liebe und Partnerschaft.
Belastungen und Störfaktoren in einer Langzeitbeziehung.
Das Geheimnis glücklicher Langzeitpaare.
Ratschläge zu bestimmten Konfliktfeldern.
Tipps zu Umbruchsituationen wie Auszug der Kinder und Eintritt in den Ruhestand.
</marc:subfield>
   </marc:datafield>
   <marc:datafield ind1=" " ind2=" " tag="020">
      <marc:subfield code="a">9783780630476</marc:subfield>
      <marc:subfield code="9">9783780630476</marc:subfield>
   </marc:datafield>
   <marc:datafield ind1=" " ind2=" " tag="020">
      <marc:subfield code="a">3780630478</marc:subfield>
      <marc:subfield code="9">3780630478</marc:subfield>
   </marc:datafield>
   <marc:datafield ind1=" " ind2=" " tag="041">
      <marc:subfield code="a">ger</marc:subfield>
   </marc:datafield>
   <marc:datafield ind1=" " ind2=" " tag="300">
      <marc:subfield code="a">157 S.</marc:subfield>
   </marc:datafield>
</marc:record>
